[Event "Budapest FS05 Nadassy"]
[Site "Budapest"]
[Date "2021.05.09"]
[Round "8.2"]
[White "Gergely, Daniel"]
[Black "Monduk, Ferenc"]
[Result "1-0"]
[WhiteElo "1731"]
[BlackElo "1824"]
[PlyCount "55"]
[EventDate "2021.05.01"]
[EventType "schev"]
[EventRounds "10"]
[EventCountry "HUN"]
[SourceTitle "CBM 202 Extra"]
[Source "ChessBase"]
[SourceDate "2021.07.31"]
[SourceVersion "1"]
[SourceVersionDate "2021.07.31"]
[SourceQuality "1"]
[WhiteTeam "Weaker Row"]
[BlackTeam "Stronger Row"]
[WhiteTeamCountry "HUN"]
[BlackTeamCountry "HUN"]

1. d4 d5 2. c4 e6 3. Nc3 Nf6 4. cxd5 exd5 5. Bg5 Be7 6. e3 Bf5 7. Qb3 b6 8. Bxf6 Bxf6 9. Qxd5 Qxd5 10. Nxd5 Bd8 11. Be2 Be4 12. Bf3 Bxf3 13. Nxf3 c6 14. Nc3 Nd7 15. Ke2 Bc7 16. Rac1 Rc8 17. g4 f6 18. h4 Kf7 19. Ne4 Bb8 20. Rc2 Rhe8 21. Nfd2 c5 22. dxc5 bxc5 23. Nxc5 Ne5 24. f3 Ng6 25. h5 Nf4+ 26. Kf2 Nd5 27. Nde4 Re7 28. Rd2 1-0